Canadian Cities by Clue - Statistics

General Stats
  • This quiz has been taken 134 times
  • The average score is 9 of 13
Answer Stats
Hint Answer % Correct
Largest City in Canada Toronto
98%
Capital of Canada Ottawa
97%
West Coast city, largest in B.C Vancouver
94%
Capital of Alberta Edmonton
91%
Very old fortified French city on the St. Lawrence river Quebec City
89%
Holds a stampede every summer Calgary
84%
Manitoba city at the intersection of the Red and Assiniboine rivers Winnipeg
80%
Home of "Les Habitants" Montreal
79%
Capital of Northwest Territories. Coloured blade? Yellowknife
76%
Capital of Nunavut Iqaluit
57%
Location of one of the natural wonders of the world Niagara Falls
40%
Canadian Steel town, Skyway Bridge Hamilton
34%
Formerly called Berlin, Largest Oktoberfest outside of Germany Kitchener
28%
No matching quizzes found
Score Distribution
Percent of People with Each Score
Percentile by Number Answered
Your Score History
You have not taken this quiz